| 000 | 00561cam a2200217 4500 | ||
|---|---|---|---|
| 001 | B178 | ||
| 008 | 090401t1986 xxu||||| |||| 00| 0 eng d | ||
| 035 | _a(Sirsi) u34035 | ||
| 041 | _aeng | ||
| 050 | _a692.8 | ||
| 110 |
_aNational Joint Consultative Committee for Building _9994 |
||
| 245 | _aPerformance bonds | ||
| 260 |
_aLondon _bRIBA Publications _c1986 |
||
| 300 | _a3p. ; 30cm. | ||
| 350 | _a0 | ||
| 490 |
_aNJCC Guidance Note _v2 |
||
| 650 | _aBONDS | ||
| 650 | _aBUILT ENVIRONMENT-BUILDING CONTRACT FORMS | ||
| 942 | _n0 | ||
| 948 | _c04/03/1997 | ||
| 999 |
_c89896 _d89896 |
||